|
|
|
|
| LEADER |
01352nam a2200349 a 4500 |
| 001 |
27970 |
| 003 |
BD-DhAAL |
| 005 |
20150208124739.0 |
| 008 |
140330m20021996maub b 001 0 eng |
| 010 |
|
|
|a 2002016494
|
| 020 |
|
|
|a 0391041738 (v. 1)
|
| 020 |
|
|
|a 0391041746 (v. 2)
|
| 020 |
|
|
|a 0391041258 (set)
|
| 040 |
|
|
|a DLC
|c DLC
|d DLC
|d BD-DhAAL
|
| 041 |
|
|
|a eng
|
| 043 |
|
|
|a a-ii---
|
| 050 |
0 |
0 |
|a DS451
|b .W54 2002
|
| 082 |
0 |
0 |
|a 954.02
|2 21
|
| 100 |
1 |
|
|a Wink, Andre.
|9 4179
|
| 245 |
1 |
0 |
|a Al-Hind :
|b the making of the Indo-Islamic world /
|c by Andre Wink.
|
| 260 |
|
|
|a Boston, MA :
|b Brill,
|c 2002-
|
| 300 |
|
|
|a v. <1-2 > :
|b maps ;
|c 23 cm.
|
| 500 |
|
|
|a Originally published: Leiden ; New York : E.J. Brill, 1996.
|
| 504 |
|
|
|a Includes bibliographical references and index.
|
| 505 |
1 |
|
|a v. 1. Early medieval India and the expansion of Islam, 7th-11th centuries -- v. 2. The slave kings and the Islamic conquest, 11th-13th centuries
|
| 541 |
|
|
|e 27970
|
| 651 |
|
0 |
|a India
|x History
|y 324 B.C.-1000 A.D.
|9 4180
|
| 651 |
|
0 |
|a India
|x History
|y 1000-1526.
|9 5863
|
| 651 |
|
0 |
|a Islamic Empire
|x History.
|9 4182
|
| 942 |
|
|
|2 ddc
|c BK
|
| 999 |
|
|
|c 14234
|d 14234
|
| 952 |
|
|
|0 0
|1 0
|2 ddc
|4 0
|6 954_020000000000000_WIN
|7 0
|9 24059
|a BRACUL
|b BRACUL
|c GEN
|d 2014-03-30
|e Trim Education
|g 10325.00
|l 1
|m 3
|o 954.02 WIN
|p 3010027970
|r 2017-01-09
|s 2016-12-14
|t 1
|w 2014-03-30
|y BK
|